01913nam0a22003131 4500001001100000005001700011021001900028035002600047100004100073101000800114102000700122105001800129200050600147210005900653215004000712300012000752300010500872320005100977516008901028606009401117701003101211701002901242701003201271702003401303712020301337801001801540801002201558852001901580rc\459414820260407131321.0 aRUb[62-54306] a(NLR Aleph) 008663157 a20130416d1962 |||y0rusy50 ca0 arus aRU aa z |||||1 aМетодическое руководство по определению физических свойств горных пород и полезных ископаемыхfПод ред. Н.Б. Дортман, М.Л. ОзерскойgМ-во геологии и охраны недр СССР. Всесоюз. науч.-исслед. геол. ин-т "ВСЕГЕИ". Всесоюз. науч.-исслед. ин-т геофиз. методов разведки "ВНИИГеофизика" aМоскваcГосгеологтехиздатd1962 a458 с., 4 л. черт.cил.d22 aНа корешке загл.: Определение физических свойств горных пород aАвт. глав: А.В. Вейнберг, Н.Б. Дортман, Р.В. Калинина и др. aБиблиогр.: с. 445-453 (208 назв.)0 aОпределение физических свойств горных пород aГорные породыxФизико-механические свойства2psbo 1aВейнбергbА.В. 1aКалининаbР.В. 1aДортманbН.Б.4340 1aОзерскаяbМ.Л.434002aВсесоюзный научно-исследовательский геологический институт им. А. П. КарпинскогоcЛенинград3RU\NLR\AUTH\889983128 0aRUbNLRgpsbo 1aRUbELAR2rusmarc aNLRj62-5/3740